| 000 | 01527cam a2200361 a 4500 | ||
|---|---|---|---|
| 001 | EDZ0000019065 | ||
| 003 | StDuBDS | ||
| 005 | 20161031105143.0 | ||
| 006 | m||||||||d|||||||| | ||
| 007 | cr ||||||||||| | ||
| 008 | 110107s2011 cau fo 001|0|eng|d | ||
| 020 |
_a9781412979320 (ebook) : _cNo price |
||
| 040 |
_aStDuBDS _beng _cStDuBDS _epn |
||
| 049 | _aAlfaisal Main Library | ||
| 050 | 4 | _aHD62.6 | |
| 082 | 0 | 4 |
_a658.048 _222 |
| 245 | 0 | 0 |
_aLeadership in nonprofit organizations _h[electronic resource] : _ba reference handbook / _cKathryn Ann Agard, editor. |
| 260 |
_aLos Angeles, [Calif.] ; _aLondon : _bSAGE, _cc2011. |
||
| 300 | _a1 online resource (2 v. (xxx, 1026 p.)) | ||
| 500 | _a"A SAGE reference publication." | ||
| 520 | 8 | _aThis work tackles issues and leadership topics for those seeking to understand more about this dynamic sector of society. A major focus of this two-volume reference work is on the specific roles and skills required of the non-profit leader in voluntary organizations. | |
| 521 | _aSpecialized. | ||
| 588 | _aDescription based on print version record. | ||
| 504 | _aIncludes bibliographical references and index. | ||
| 650 | 0 |
_aNonprofit organizations _xManagement. |
|
| 650 | 0 | _aLeadership. | |
| 655 | 7 |
_aElectronic books. _2local |
|
| 700 | 1 | _aAgard, Kathryn A. | |
| 710 | 2 | _aSage eBooks | |
| 776 | 0 | 8 |
_iPrint version : _z9781412968867 |
| 856 | 4 | 0 | _uhttp://ezproxy.alfaisal.edu/login?url=http://sk.sagepub.com/reference/nonprofitorganizations |
| 942 |
_2lcc _cEBOOKS |
||
| 999 |
_c480468 _d480468 |
||